000 00891cam a2200229 a 4500
020 _a0914845616 (pbk.) :
082 0 0 _a650.02855369
_bCOB
100 1 _aCobb, Douglas Ford.
_944488
245 1 0 _aExcel in business :
_bnumber-crunching power on the Apple Macintosh /
_cDouglas Cobb, Judy Mynhier, Steven Cobb.
260 _aBellevue, WA :
_bMicrosoft Press ;
_a[New York] :
_bDistributed to the book trade in the U.S. by Harper and Row,
_cc1985.
300 _axiii, 695 p. :
_bill. ;
_c24 cm.
500 _aIncludes index.
526 _a0
_b0
_c0
_d650_028553690000000_COB
526 _a0
_b0
_c0
_d650_028553690000000_COB
526 _a0
_b0
_c0
_d650_028553690000000_COB
650 0 _aBusiness
_xComputer programs.
_919731
650 0 _aMacintosh (Computer)
_xProgramming.
_944489
650 0 _aMCE
_9379
700 1 _aCobb, Steven.
_944490
700 1 _aMynhier, Judy.
_944491
942 _2ddc
_cBK
999 _c548264
_d548264